| 000 | 00572nam a22001817a 4500 | ||
|---|---|---|---|
| 003 | LC | ||
| 005 | 20160317100012.0 | ||
| 008 | 160317b xxu||||| |||| 00| 0 eng d | ||
| 020 | _a9780692269831 | ||
| 050 | _aPZ 7 .Al445 2014 | ||
| 100 | _aAlmanzor, Jayra | ||
| 245 |
_aStygian rift / _cJayra Almanzor |
||
| 260 |
_aAntelope, C.A _bBlack Bed Sheet Books _cc2014 |
||
| 300 |
_a285 pages. ; _c20 cm. |
||
| 586 | _aWinner, 2013 English Academic Award, St. Justin Martyr, C.S | ||
| 650 | _aScience Fiction | ||
| 942 |
_2lcc _cBK _hPZ 7 .Al445 2014 |
||
| 999 |
_c288289 _d288289 |
||